01693nam a2200325 a 450000100100000000500170001000800410002704000250006808200250009310000380011824501120015625000120026826000380028030000280031850400560034650400320040259000250043465000320045965000320049165000320052365000560055565000350061191000380064695201380068495201380082295201380096095201230109895201290122199900170135000002238220251209121552.0090902s1998 dr a 001 0 spa d aDO-SdBNPbspacBNPHU a320.014bP849h, 19981 aPortes Bautista, Francisco91870610aHerramientas y técnicas de persuación política y campañas electorales /cFrancisco Portes Bautista. a2ª ed. aSanto Domingo :bEducando,c1998. a314 p. :bil. ;c22 cm. aIncluye bibliografía y notas al pie de páginas. aBibliografía : p.301-314. aInventariado,2018/DG 0aCampaña electoral 946157 4aPropaganda electoral918708 4aPublicidad política96359 4aPolitica y medios de comunicación de masas918709 4aPsicología política918710 aValidado. Control de calidad EMS. 001054708DSaGRbGRcHDd2010-10-06iLF1l0o320.014 P849h, 1998p22382-30r2020-06-25te. 3w2020-06-25yLFDSZPréstamo en sala 001054708DSaGRbGRcHDd2018-05-28iLF1l0o320.014 P849h, 1998p22382-40r2020-06-25te. 4w2020-06-25yLFDSZPréstamo en sala 001054708DSaGRbGRcHDd2018-05-28iLF1l0o320.014 P849h, 1998p22382-50r2020-06-25te. 5w2020-06-25yLFDSZPréstamo en sala 0010718PDaPDbPDcHDd2010-10-06iLF1l0o320.014 P849h, 1998p22382-10r2020-06-25w2020-06-25yLFPDZNo se presta 0010718PDaPDbPDcHDd2010-10-06iLF1l0o320.014 P849h, 1998p22382-20r2020-06-25te. 2w2020-06-25yLFPDZNo se presta c21880d21880